00776cam a2200241 450000100060000000300080000600500170001400800390003103500190007004000320008904100080012108200210012910000330015024500550018326000460023830000250028435000100030950400300031965100350034994200120038499900170039695201210041326861BD-RjUL20211209051058.0140323s1970 ii b 001 0 eng a(BD-RjUL)26932 aDLCcDLCdDLCdBD-RjULbeng aeng00a954.12bMIH 19701 aMishra, Shree Govind.98254810aHistory of Bihar, 1740-1772 /cShree Govind Mishra aNew Delhi :bMunshiram Manoharlal,c1970. axi, 187 p. ;c22 cm. a22.00 aBibliography: p. 173-179. 0aBihar (India)xHistory.981868 2ddccBK c26861d26861 00102ddc40728NFICaRUCLbRUCLcReadingd2014-03-23l0o954.12 MIH 1970r2014-03-23 00:00:00tC-1w2014-03-23yBK